The institutes of Gaius : (Record no. 3935)
[ view plain ]
| 000 -LEADER | |
|---|---|
| fixed length control field | 00999cam a22002891a 4500 |
| 001 - CONTROL NUMBER | |
| control field | 3935 |
| 003 - CONTROL NUMBER IDENTIFIER | |
| rucl marc code | BD-RjUL |
| 005 - DATE AND TIME OF LATEST TRANSACTION | |
| control field | 20211208233814.0 |
| 008 - FIXED-LENGTH DATA ELEMENTS--GENERAL INFORMATION | |
| fixed length control field | 131221m19511946enk b 001 0 eng |
| 035 ## - SYSTEM CONTROL NUMBER | |
| System control number | (BD-RjUL)3969 |
| System control number | (OCoLC)1904190 |
| 040 ## - CATALOGING SOURCE | |
| Original cataloging agency | DLC |
| Transcribing agency | OTU-L |
| Modifying agency | MoSU-L |
| -- | OCoC-L |
| -- | OCoLC |
| -- | DLC |
| -- | BD-RjUL |
| Language of cataloging | eng |
| 041 1# - LANGUAGE CODE | |
| Language code of text/sound track or separate title | eng |
| Language code of original | lat |
| 082 04 - DEWEY DECIMAL CLASSIFICATION NUMBER | |
| Edition number | 18 |
| Classification number | 349.944 |
| Author mark and year | ZUI 1951 |
| 100 0# - MAIN ENTRY--PERSONAL NAME | |
| Personal name | Zulueta, Francis de. |
| 9 (RLIN) | 12540 |
| 245 14 - TITLE STATEMENT | |
| Title | The institutes of Gaius : |
| Statement of responsibility, etc. | by Francis de Zulueta. |
| Number of part/section of a work | Part I |
| Name of part/section of a work | text with critical notes and translation / |
| 260 ## - PUBLICATION, DISTRIBUTION, ETC. (IMPRINT) | |
| Place of publication, distribution, etc. | Oxford ; |
| -- | New York : |
| Name of publisher, distributor, etc. | Clarendon Press, |
| Date of publication, distribution, etc. | 1946 [Reprinted 1951]. |
| 300 ## - PHYSICAL DESCRIPTION | |
| Pagination | 2 v. ; |
| Size | 23 cm. |
| 504 ## - BIBLIOGRAPHY, ETC. NOTE | |
| Bibliography, etc | Includes bibliographies and indexes. |
| 505 0# - FORMATTED CONTENTS NOTE | |
| Formatted contents note | pt. 1. Text with critical notes and translation -- pt. 2. Commentary. |
| 650 #0 - SUBJECT ADDED ENTRY--TOPICAL TERM | |
| Topical term or geographic name as entry element | Roman law |
| General subdivision | Sources. |
| 9 (RLIN) | 12541 |
| 700 1# - ADDED ENTRY--PERSONAL NAME | |
| Personal name | De Zulueta, Francis, |
| Dates associated with a name | 1878-1958. |
| 942 ## - ADDED ENTRY ELEMENTS (KOHA) | |
| Source of classification or shelving scheme | Dewey Decimal Classification |
| Koha item type | Books |
| Lost status | Source of classification or shelving scheme | Damaged status | Not for loan | Collection code | Permanent Location | Current Location | Shelving location | Date acquired | Source of acquisition | Cost, normal purchase price | Total Checkouts | Full call number | Date last seen | Copy number | Koha item type |
|---|---|---|---|---|---|---|---|---|---|---|---|---|---|---|---|
| Dewey Decimal Classification | Not For Loan | Non-fiction | Central Library, University of Rajshahi | Central Library, University of Rajshahi | Reading Room | 21/07/1955 | O. U. P. | 12.80 | 349.944 ZUI 1951 | 21/12/2013 | C-1 | Books | |||
| Dewey Decimal Classification | Non-fiction | Central Library, University of Rajshahi | Central Library, University of Rajshahi | 01/08/1979 | W.U.S | 349.944 ZUI 1958 | 26/07/2016 | C-3 | Books | ||||||
| Dewey Decimal Classification | Non-fiction | Central Library, University of Rajshahi | Central Library, University of Rajshahi | 21/07/1955 | W.U.S | 12.80 | 349.944 ZUI 1953 | 26/07/2016 | C-4 | Books | |||||
| Dewey Decimal Classification | Non-fiction | Central Library, University of Rajshahi | Central Library, University of Rajshahi | 12/03/1963 | Zeitlinger | 30.00 | 349.944 ZUI 1958 | 28/07/2016 | C-5 | Books | |||||
| Dewey Decimal Classification | Non-fiction | Central Library, University of Rajshahi | Central Library, University of Rajshahi | 12/03/1963 | Zeitlinger | 30.00 | 349.944 ZUI 1953 | 28/07/2016 | C-6 | Books | |||||
| Dewey Decimal Classification | Non-fiction | Central Library, University of Rajshahi | Central Library, University of Rajshahi | 12/03/1963 | Zeitlinger | 30.00 | 349.944 ZUI 1953 | 28/07/2016 | C-2 | Books | |||||
| Dewey Decimal Classification | Non-fiction | Central Library, University of Rajshahi | Central Library, University of Rajshahi | 12/03/1963 | Zeitlinger | 30.00 | 349.944 ZUI 1958 | 28/07/2016 | C-7 | Books |